[Event "I Chess Classic Festival"]
[Site "Siracusa ITA"]
[Date "2006.09.26"]
[Round "5"]
[White "Mangiafico, Francesco"]
[Black "Gulinelli, Euro"]
[Result "0-1"]
[WhiteElo "1416"]
[BlackElo "1586"]
[PlyCount "100"]
[EventDate "2006.09.23"]

1. d4 Nf6 2. Nd2 b6 3. Ndf3 d6 4. g3 Bb7 5. Bg2 Nbd7 6. c3 e5 7. Bg5 h6 8. Bxf6
gxf6 9. e3 Bg7 10. Ne2 Qe7 11. O-O O-O-O 12. Nd2 Bxg2 13. Kxg2 h5 14. h4 Kb7
15. b4 f5 16. a4 Nf6 17. a5 Qd7 18. a6+ Ka8 19. Ng1 Ne4 20. Nxe4 fxe4 21. f3 f5
22. Qc2 exf3+ 23. Nxf3 e4 24. Nd2 Rdg8 25. Nxe4 fxe4 26. Qxe4+ d5 27. Qf3 Qd6
28. c4 c6 29. b5 Rf8 30. Qe2 c5 31. e4 Bxd4 32. Ra3 Qe5 33. cxd5 Rxf1 34. Qxf1
Qxe4+ 35. Rf3 Rf8 36. d6 Rxf3 37. Qxf3 Qxf3+ 38. Kxf3 Kb8 39. Ke4 Kc8 40. Kd5
Kd7 41. Ke4 Kxd6 42. Kf3 Kd5 43. g4 hxg4+ 44. Kxg4 Ke4 45. h5 c4 46. h6 c3 47.
Kg5 c2 48. Kg6 c1=Q 49. h7 Qg1+ 50. Kf7 Qg7+ 0-1

[Event "I Chess Classic Festival"]
[Site "Siracusa ITA"]
[Date "2006.09.26"]
[Round "5"]
[White "Minniti, Elenamaria"]
[Black "Mossiaguine, Allan"]
[Result "0-1"]
[WhiteElo "1455"]
[BlackElo "1497"]
[PlyCount "62"]
[EventDate "2006.09.23"]

1. e4 c5 2. Nf3 d6 3. Nc3 g6 4. Bc4 Nc6 5. d3 Bg7 6. Ng5 Ne5 7. Bf4 Nxc4 8.
dxc4 h6 9. Nf3 Be6 10. Qd3 Nf6 11. O-O O-O 12. Rab1 Qa5 13. Bd2 Qa6 14. Rfe1
Bxc4 15. Qe3 e5 16. b3 Ng4 17. Qf4 exf4 18. bxc4 Qxc4 19. Rb3 Bd4 20. Nd1 Qxc2
21. h3 Qxa2 22. Rxb7 Ne5 23. Bxf4 Nd3 24. Bg3 Nxe1 25. Nxe1 Qd2 26. Rb1 Qxe1+
27. Kh2 Qxe4 28. Rb3 Qc2 29. Rf3 Qxd1 30. Bxd6 Bxf2 31. Bxf8 Qg1# 0-1

[Event "I Chess Classic Festival"]
[Site "Siracusa ITA"]
[Date "2006.09.26"]
[Round "5"]
[White "Monica, Vincenzo"]
[Black "Maugeri, Domenico"]
[Result "0-1"]
[WhiteElo "1523"]
[BlackElo "1451"]
[PlyCount "112"]
[EventDate "2006.09.23"]

1. e4 e6 2. d4 d5 3. e5 c5 4. c3 Nc6 5. Nf3 Qb6 6. Bd3 Bd7 7. Bc2 O-O-O 8. O-O
cxd4 9. cxd4 h6 10. Nc3 g5 11. a3 Nge7 12. Na4 Qc7 13. Nc5 Be8 14. b4 Nb8 15.
Bb2 Bb5 16. Bd3 Qb6 17. Rc1 Nbc6 18. a4 Bxd3 19. Nxd3 Kb8 20. a5 Qa6 21. Qd2
Nf5 22. Nc5 Bxc5 23. Rxc5 b5 24. axb6 Qxb6 25. b5 Na5 26. Qb4 Nc4 27. Ra1 a5
28. Qb3 Rc8 29. g4 Ne7 30. Ba3 Ng6 31. Qa4 Kb7 32. Rc6 Rxc6 33. bxc6+ Qxc6 34.
Rb1+ Kc7 35. Bd6+ Nxd6 36. Qxa5+ Kd7 37. Qa7+ Qc7 38. Qa4+ Ke7 39. exd6+ Qxd6
40. Rb7+ Kf6 41. Rd7 Qf4 42. Qa7 Rf8 43. Ne5 Nxe5 44. dxe5+ Qxe5 45. Qc5 Kg7
46. Qe7 Qe1+ 47. Kg2 Qe4+ 48. Kg3 Qe5+ 49. Kg2 d4 50. h3 Qe4+ 51. Kf1 d3 52. h4
Qe2+ 53. Kg2 Qxg4+ 54. Kf1 Qe2+ 55. Kg2 g4 56. Rd5 Qe4+ 0-1

[Event "I Chess Classic Festival"]
[Site "Siracusa ITA"]
[Date "2006.09.26"]
[Round "5"]
[White "Pafumi, Francesco"]
[Black "Minniti, Cristiano"]
[Result "1-0"]
[WhiteElo "1702"]
[BlackElo "1608"]
[PlyCount "65"]
[EventDate "2006.09.23"]

1. e4 d5 2. e5 c5 3. Nf3 Bg4 4. Bb5+ Nc6 5. O-O e6 6. c3 Nge7 7. Re1 a6 8. Bf1
Ng6 9. d4 c4 10. b3 b5 11. a4 Be7 12. h3 Bf5 13. b4 O-O 14. Na3 f6 15. exf6
Bxf6 16. g4 Be4 17. Nd2 Qe7 18. Nxe4 dxe4 19. Rxe4 Nh4 20. Bf4 Bg5 21. Bxg5
Qxg5 22. Bg2 Nxg2 23. Kxg2 Rf7 24. axb5 axb5 25. Qe2 Rfa7 26. Rxe6 Nxd4 27.
cxd4 Rxa3 28. Re8+ Kf7 29. Rxa8 Rxa8 30. Rxa8 Qd5+ 31. Qf3+ Qxf3+ 32. Kxf3 Kf6
33. Ke4 1-0

[Event "I Chess Classic Festival"]
[Site "Siracusa ITA"]
[Date "2006.09.26"]
[Round "5"]
[White "Parla, Aldo"]
[Black "Bramanti, Vincenzo"]
[Result "1-0"]
[WhiteElo "1571"]
[BlackElo "1425"]
[PlyCount "73"]
[EventDate "2006.09.23"]

1. c4 Nf6 2. Nc3 c6 3. e4 d6 4. Nf3 Qc7 5. Be2 g6 6. O-O Bg7 7. d3 O-O 8. Bf4
e5 9. Bg5 Nbd7 10. d4 h6 11. Bh4 Nh5 12. dxe5 Nxe5 13. Nxe5 Nf4 14. Nf3 Be6 15.
Bg3 g5 16. Bxf4 gxf4 17. Nd4 Qa5 18. Nxe6 fxe6 19. Qxd6 Rad8 20. Qxe6+ Kh8 21.
Rad1 Rde8 22. Qg6 Rg8 23. Bd3 Qg5 24. Qxg5 hxg5 25. f3 Bd4+ 26. Kh1 Re6 27. Ne2
Be3 28. Bc2 Rh6 29. Nd4 Rgg6 30. h3 g4 31. fxg4 Rxg4 32. Nf5 Rh5 33. Nxe3 fxe3
34. Rd8+ Kg7 35. Rd7+ Kg6 36. e5+ Kg5 37. Rg7+ 1-0

[Event "I Chess Classic Festival"]
[Site "Siracusa ITA"]
[Date "2006.09.26"]
[Round "5"]
[White "Rigo, Gianfrancesco"]
[Black "Rosberg, Simon"]
[Result "1/2-1/2"]
[WhiteElo "2013"]
[BlackElo "2011"]
[PlyCount "103"]
[EventDate "2006.09.23"]

1. e4 c5 2. Nf3 e6 3. d4 cxd4 4. Nxd4 Nc6 5. Nc3 Qc7 6. Be3 a6 7. Bd3 Nf6 8.
O-O Nxd4 9. Bxd4 Bc5 10. Bxc5 Qxc5 11. Na4 Qa5 12. c4 d6 13. Bc2 Qc7 14. Qd4 e5
15. Qb6 Qxb6 16. Nxb6 Rb8 17. Ba4+ Ke7 18. Rfe1 Be6 19. Rad1 Rhd8 20. b3 Kf8
21. f3 Ng8 22. Rd2 Ke7 23. Red1 Nh6 24. g4 f6 25. b4 Nf7 26. Bb3 Ng5 27. Kg2
Bf7 28. c5 Bxb3 29. axb3 dxc5 30. Rd7+ Ke8 31. Rxg7 Rxd1 32. Rg8+ Kf7 33. Rxb8
cxb4 34. Rxb7+ Kg6 35. Nd5 Ne6 36. Rb6 Kf7 37. Rb7+ Kg6 38. Rb6 Kf7 39. Rxb4
Nd4 40. Rb6 Rd2+ 41. Kh3 Rd3 42. Rxf6+ Kg7 43. Kg2 Rxb3 44. Rxa6 Rxf3 45. Ra7+
Rf7 46. Rxf7+ Kxf7 47. Kg3 Kg6 48. Ne7+ Kf6 49. Nf5 Ne2+ 50. Kf3 Ng1+ 51. Kg2
Ne2 52. Kf3 1/2-1/2

[Event "I Chess Classic Festival"]
[Site "Siracusa ITA"]
[Date "2006.09.26"]
[Round "5"]
[White "Rosolia, Giuseppe"]
[Black "Antkowiak, Grzegorz"]
[Result "1/2-1/2"]
[WhiteElo "1936"]
[BlackElo "2183"]
[PlyCount "42"]
[EventDate "2006.09.23"]

1. e4 c5 2. d3 d6 3. Nf3 Nc6 4. Nbd2 g6 5. g3 Bg7 6. Bg2 e5 7. O-O Nge7 8. c3
O-O 9. a3 a5 10. a4 h6 11. Nc4 Be6 12. Na3 Qd7 13. Nb5 d5 14. Be3 b6 15. Rc1
Rad8 16. Qe2 Kh7 17. Rfe1 Rc8 18. Ra1 Rce8 19. Bd2 Nc8 20. Nh4 f5 21. exd5 Bxd5
1/2-1/2

[Event "I Chess Classic Festival"]
[Site "Siracusa ITA"]
[Date "2006.09.26"]
[Round "5"]
[White "Salvaggio, Salvatore"]
[Black "Murgia, Andrea"]
[Result "0-1"]
[WhiteElo "1694"]
[BlackElo "2063"]
[PlyCount "152"]
[EventDate "2006.09.23"]

1. d4 f5 2. c4 Nf6 3. Nf3 g6 4. g3 Bg7 5. Bg2 c6 6. Nc3 d6 7. O-O O-O 8. Qb3
Kh8 9. Bg5 Ne4 10. Be3 Nxc3 11. Qxc3 c5 12. Qd2 Nd7 13. Rad1 Qc7 14. d5 Rb8 15.
Bh6 b5 16. Bxg7+ Kxg7 17. Qc3+ Nf6 18. b3 h6 19. Nd2 Kh7 20. f4 bxc4 21. bxc4
Rb4 22. Rb1 Qa5 23. a3 Ra4 24. Qxa5 Rxa5 25. Rf3 Nd7 26. Re3 Rf7 27. Rc3 Nb6
28. e4 Kg7 29. e5 Ra4 30. Bf1 g5 31. Bd3 Bb7 32. Bc2 Ra6 33. a4 Bxd5 34. cxd5
Nxd5 35. Ra3 gxf4 36. Bd3 Rb6 37. Rxb6 Nxb6 38. gxf4 dxe5 39. fxe5 e6 40. Nc4
Nd5 41. Nd6 Rf8 42. Bb5 f4 43. Bd7 f3 44. Kf2 Nf4 45. Rxf3 Nd3+ 46. Ke3 Rxf3+
47. Kxf3 Nxe5+ 48. Ke4 Nxd7 49. Nc8 a5 50. Nd6 Nb6 51. Nb7 Nxa4 52. Nxa5 Kf6
53. Nc4 Nc3+ 54. Kd3 Nd5 55. Nd6 Nf4+ 56. Ke3 Ke7 57. Nc4 Ng2+ 58. Kf3 Nh4+ 59.
Kg4 Nf5 60. Kf4 Nd6 61. Nb6 c4 62. Na4 Kf6 63. Nc3 e5+ 64. Ke3 Kf5 65. Nd5 Kg4
66. Kf2 Ne4+ 67. Ke3 Nd6 68. Kf2 Kh3 69. Ne3 h5 70. Kg1 c3 71. Kf2 e4 72. Nc2
Nf5 73. Ke2 Kxh2 74. Ne1 h4 75. Kd1 Nd4 76. Kc1 h3 0-1

[Event "I Chess Classic Festival"]
[Site "Siracusa ITA"]
[Date "2006.09.26"]
[Round "5"]
[White "Timoshenko, Georgy"]
[Black "Karlsson, Lars"]
[Result "1/2-1/2"]
[WhiteElo "2550"]
[BlackElo "2506"]
[PlyCount "25"]
[EventDate "2006.09.23"]

1. e4 c5 2. Nf3 Nc6 3. d4 cxd4 4. Nxd4 Nf6 5. Nc3 g6 6. Nxc6 bxc6 7. e5 Ng8 8.
Bc4 Bg7 9. Qf3 f5 10. Bf4 e6 11. O-O-O Qc7 12. Kb1 Rb8 13. Rhe1 1/2-1/2

[Event "I Chess Classic Festival"]
[Site "Siracusa ITA"]
[Date "2006.09.27"]
[Round "6"]
[White "Antkowiak, Grzegorz"]
[Black "Kopischke, Maik"]
[Result "1-0"]
[WhiteElo "2183"]
[BlackElo "1984"]
[PlyCount "99"]
[EventDate "2006.09.23"]

1. e4 d6 2. d4 Nf6 3. Nc3 g6 4. g3 Bg7 5. Bg2 O-O 6. Nge2 c6 7. O-O Bg4 8. h3
Bxe2 9. Qxe2 Nbd7 10. e5 dxe5 11. dxe5 Ne8 12. e6 Ndf6 13. exf7+ Rxf7 14. Be3
Qa5 15. Rad1 Nc7 16. Qc4 Qa6 17. Qb3 e6 18. Bd4 Ncd5 19. Na4 Nd7 20. Bxg7 Kxg7
21. c4 N5f6 22. Rd6 e5 23. Qc2 Nb6 24. Nxb6 Qxb6 25. c5 Qb4 26. a3 Qa5 27. Ra1
Raf8 28. b4 Qc7 29. Qc3 Kg8 30. Re1 e4 31. Re2 Qc8 32. Qc4 Qf5 33. a4 h5 34.
Qe6 Qg5 35. Qc4 Kg7 36. Qd4 Qc1+ 37. Kh2 Qg5 38. Rxe4 Kh7 39. Rf4 Kg8 40. b5
cxb5 41. axb5 Ne8 42. Rxf7 Rxf7 43. Rd8 Kf8 44. Qh8+ Ke7 45. Qxe8+ Kf6 46. Qh8+
Ke7 47. Re8+ Kd7 48. c6+ bxc6 49. bxc6+ Kd6 50. Qd4+ 1-0

[Event "I Chess Classic Festival"]
[Site "Siracusa ITA"]
[Date "2006.09.27"]
[Round "6"]
[White "Campailla, Maurizio"]
[Black "Cordaro, Giovanni"]
[Result "1-0"]
[WhiteElo "1658"]
[BlackElo "1482"]
[PlyCount "103"]
[EventDate "2006.09.23"]

1. d4 d5 2. Nf3 Nf6 3. Nbd2 e6 4. e3 Be7 5. Bd3 Nbd7 6. O-O c6 7. Re1 Qc7 8. e4
dxe4 9. Nxe4 Nf8 10. c3 Ng6 11. Nxf6+ Bxf6 12. a4 b6 13. Be4 Bb7 14. d5 Rd8 15.
Qb3 cxd5 16. Bb1 O-O 17. Bg5 Bxg5 18. Nxg5 Rfe8 19. Bxg6 hxg6 20. Qb4 Qc4 21.
Re4 Qxb4 22. Rxb4 e5 23. a5 Rd6 24. axb6 Rxb6 25. Rxa7 Rxb4 26. cxb4 Rb8 27.
Kf1 d4 28. f3 f5 29. b5 e4 30. fxe4 fxe4 31. Ke2 Kf8 32. Ne6+ Ke7 33. Nxd4 Kd6
34. Ke3 Kc5 35. g3 Kd5 36. h4 Ke5 37. b4 Kf6 38. Nc6 Bxc6 39. bxc6 Ke6 40. Rxg7
Kd5 41. Rb7 Rc8 42. c7 Kd6 43. b5 Rxc7 44. Rxc7 Kxc7 45. Kxe4 Kb6 46. Kf4 Kxb5
47. Kg5 Kc6 48. Kxg6 Kd6 49. g4 Ke7 50. Kg7 Ke6 51. g5 Kf5 52. Kh6 1-0

[Event "I Chess Classic Festival"]
[Site "Siracusa ITA"]
[Date "2006.09.27"]
[Round "6"]
[White "Candura, Stefano"]
[Black "Liistro, Giovanni Carlo"]
[Result "1-0"]
[WhiteElo "2022"]
[BlackElo "1820"]
[PlyCount "136"]
[EventDate "2006.09.23"]

1. d4 Nf6 2. Nf3 g6 3. Nc3 Bg7 4. e4 d6 5. Be3 O-O 6. Qd2 Nbd7 7. Bd3 e5 8. d5
c6 9. dxc6 bxc6 10. O-O Qc7 11. Bc4 Nb6 12. Bb3 Ba6 13. Rfd1 Rad8 14. Bg5 Rfe8
15. Qe1 h6 16. Bxf6 Bxf6 17. Na4 Nxa4 18. Bxa4 Re7 19. Qc3 Bb7 20. Qe3 Kg7 21.
Bb3 Qb6 22. Qxb6 axb6 23. c4 Bc8 24. Rd3 Ree8 25. Rad1 Be7 26. Ba4 Bb7 27. Nd2
Ra8 28. Bb3 Red8 29. Nf1 Bc8 30. Ne3 f5 31. f3 f4 32. Nc2 Bd7 33. a3 Be8 34.
Nb4 Rdb8 35. R1d2 Ra5 36. g3 b5 37. cxb5 Raxb5 38. Ba4 R5b6 39. Rc3 Kf8 40.
Bxc6 Bxc6 41. Rxc6 fxg3 42. hxg3 Rxc6 43. Nxc6 Rb3 44. Kf2 Bg5 45. Rc2 Be3+ 46.
Ke2 Bc5 47. Na5 Re3+ 48. Kf1 Rxf3+ 49. Kg2 Re3 50. b4 Rxa3 51. Nc4 Bxb4 52.
Nxa3 Bxa3 53. Rc7 Bc5 54. Kf3 h5 55. Rd7 Bb4 56. g4 hxg4+ 57. Kxg4 Ke8 58. Rg7
Kf8 59. Rxg6 Kf7 60. Kf5 Bc5 61. Rf6+ Ke7 62. Re6+ Kd7 63. Kf6 Bb4 64. Re7+ Kc6
65. Ke6 Kc5 66. Ra7 Bc3 67. Ra4 Kb5 68. Ra2 Kc5 1-0

[Event "I Chess Classic Festival"]
[Site "Siracusa ITA"]
[Date "2006.09.27"]
[Round "6"]
[White "Carnemolla, Giampaolo"]
[Black "Minniti, Elenamaria"]
[Result "1-0"]
[WhiteElo "1659"]
[BlackElo "1455"]
[PlyCount "23"]
[EventDate "2006.09.23"]

1. d4 d5 2. c4 Nf6 3. cxd5 Nxd5 4. e4 Nf6 5. Nc3 Nc6 6. Bb5 Bd7 7. e5 a6 8. Ba4
Ng4 9. h3 Nh6 10. Bxh6 gxh6 11. e6 fxe6 12. Qh5# 1-0

[Event "I Chess Classic Festival"]
[Site "Siracusa ITA"]
[Date "2006.09.27"]
[Round "6"]
[White "Fagotto, Roberto"]
[Black "Di Martino, Giancarlo"]
[Result "1-0"]
[WhiteElo "1921"]
[BlackElo "1688"]
[PlyCount "115"]
[EventDate "2006.09.23"]

1. e4 d6 2. d4 Nf6 3. Nc3 g6 4. Nf3 Bg7 5. h3 O-O 6. Be3 c6 7. Bd3 b5 8. Qd2 b4
9. Ne2 a5 10. O-O Ba6 11. c4 d5 12. cxd5 Bxd3 13. Qxd3 cxd5 14. e5 Ne8 15. Rac1
e6 16. Rc2 Ra7 17. Rfc1 Rc7 18. Qb5 Rxc2 19. Rxc2 Nd7 20. Nc1 f6 21. Qa6 Qb6
22. Rc6 Qxa6 23. Rxa6 fxe5 24. Nxe5 Nxe5 25. dxe5 Bxe5 26. Nd3 Bd6 27. Rxa5 Nc7
28. Bc5 Rd8 29. Bxd6 Rxd6 30. Nxb4 e5 31. Rc5 Rd7 32. Nc6 e4 33. Nd4 Kf7 34.
Rc6 Ne8 35. Kf1 Ra7 36. a3 Ra4 37. Nc2 Ra7 38. Ke2 Ke7 39. Ke3 Kd7 40. Nb4 Rb7
41. Rc5 Ke6 42. f3 Nd6 43. fxe4 dxe4 44. Rc2 Ke5 45. Rc5+ Ke6 46. Kd4 Rf7 47.
Rc2 Rb7 48. Nc6 Rb3 49. a4 Rd3+ 50. Kc5 e3 51. Nd4+ Kd7 52. Re2 Nf5 53. Nxf5
gxf5 54. g3 Rd2 55. Rxe3 Rxb2 56. Ra3 Rc2+ 57. Kd5 Rh2 58. h4 1-0

[Event "I Chess Classic Festival"]
[Site "Siracusa ITA"]
[Date "2006.09.27"]
[Round "6"]
[White "Gandolfo, Marco"]
[Black "Mangiafico, Francesco"]
[Result "0-1"]
[WhiteElo "2073"]
[BlackElo "1416"]
[PlyCount "84"]
[EventDate "2006.09.23"]

1. e4 e6 2. Nf3 g6 3. d3 c5 4. Bf4 Bg7 5. Bg5 f6 6. Bf4 e5 7. Be3 b6 8. d4 cxd4
9. Bc1 Bb7 10. Qe2 Ba6 11. Qd2 Ne7 12. Qb4 Nbc6 13. Qb3 Bxf1 14. Kxf1 Na5 15.
Qd3 O-O 16. c3 Qc7 17. cxd4 Qxc1+ 18. Ne1 Qxb2 19. Qc3 Qxc3 20. Nxc3 exd4 21.
Nb5 f5 22. Nc7 Rac8 23. Rc1 Nac6 24. Nb5 Be5 25. Nd3 fxe4 26. Nxe5 Nxe5 27.
Rxc8 Rxc8 28. Nxd4 Rc1+ 29. Ke2 Rxh1 30. Nc2 Rxh2 31. f3 Rxg2+ 32. Kd1 exf3 33.
Ne3 Rg1+ 34. Kd2 Ng4 35. Nd1 f2 36. Nxf2 Nxf2 37. Ke2 Ng4 38. Kf3 h5 39. Kf4 h4
40. Kg5 h3 41. Kh4 h2 42. Kh3 h1=Q# 0-1

[Event "I Chess Classic Festival"]
[Site "Siracusa ITA"]
[Date "2006.09.27"]
[Round "6"]
[White "Gangemi, Salvatore"]
[Black "Rosolia, Giuseppe"]
[Result "1-0"]
[WhiteElo "2077"]
[BlackElo "1936"]
[PlyCount "77"]
[EventDate "2006.09.23"]

1. c4 Nf6 2. Nc3 g6 3. g3 Bg7 4. Bg2 O-O 5. e4 d6 6. Nge2 c6 7. O-O e5 8. d3
Nbd7 9. b4 a6 10. a4 Qe7 11. Bg5 h6 12. Bd2 b6 13. Qc2 Bb7 14. Rac1 Rfe8 15.
Qa2 c5 16. b5 a5 17. Nd1 Nf8 18. f4 Rad8 19. Ne3 Qd7 20. Qc2 Qe7 21. fxe5 dxe5
22. Nc3 N8d7 23. Rf3 Rf8 24. Rcf1 Qd6 25. Bc1 Nh7 26. Ncd5 Ng5 27. R3f2 Ne6 28.
Ng4 g5 29. Qd1 Nd4 30. Ngf6+ Nxf6 31. Rxf6 Ne6 32. Qh5 Bxd5 33. exd5 Bxf6 34.
Rxf6 Nf4 35. Qxh6 Qxf6 36. Qxf6 Ne2+ 37. Kf2 Nxc1 38. Qxg5+ Kh7 39. Qxc1 1-0

[Event "I Chess Classic Festival"]
[Site "Siracusa ITA"]
[Date "2006.09.27"]
[Round "6"]
[White "Gulinelli, Euro"]
[Black "Conti, Silvano"]
[Result "1/2-1/2"]
[WhiteElo "1586"]
[BlackElo "1628"]
[PlyCount "76"]
[EventDate "2006.09.23"]

1. d4 Nf6 2. c4 c5 3. d5 b5 4. b3 bxc4 5. bxc4 d6 6. Nc3 g6 7. e3 Bg7 8. Qa4+
Nbd7 9. Rb1 O-O 10. Nf3 Nb6 11. Qc2 Bg4 12. Nd2 Bd7 13. Be2 Qc7 14. O-O Rfb8
15. Bb2 Rb7 16. a4 a6 17. a5 Nc8 18. Ra1 Rab8 19. Rfb1 e6 20. e4 e5 21. Bc1 Ne8
22. Rxb7 Rxb7 23. Nf3 Nf6 24. h3 Qb8 25. Nh2 Kh8 26. Bg4 Nxg4 27. Nxg4 Bxg4 28.
hxg4 Qc7 29. Qa4 Qd8 30. g3 Rb4 31. Qa2 Qd7 32. f3 Qb7 33. Rb1 Bf8 34. Kg2 Kg8
35. Kf2 Ne7 36. Ke2 f5 37. g5 fxe4 38. fxe4 Nc8 1/2-1/2

[Event "I Chess Classic Festival"]
[Site "Siracusa ITA"]
[Date "2006.09.27"]
[Round "6"]
[White "Karlsson, Lars"]
[Black "Agnello, Giuseppe"]
[Result "1-0"]
[WhiteElo "2506"]
[BlackElo "2139"]
[PlyCount "47"]
[EventDate "2006.09.23"]

1. c4 Nf6 2. Nc3 g6 3. g3 Bg7 4. Bg2 d6 5. e3 O-O 6. Nge2 e5 7. Rb1 a5 8. a3 c6
9. e4 Be6 10. d3 Nbd7 11. O-O Ne8 12. Be3 f5 13. exf5 gxf5 14. f4 Nef6 15. h3
Kh8 16. b3 d5 17. fxe5 Nxe5 18. Nf4 Bg8 19. Bd4 Nfd7 20. Nce2 dxc4 21. bxc4 Qc7
22. Qd2 b6 23. Nh5 Rae8 24. Nxg7 1-0

[Event "I Chess Classic Festival"]
[Site "Siracusa ITA"]
[Date "2006.09.27"]
[Round "6"]
[White "Maugeri, Domenico"]
[Black "Salvaggio, Salvatore"]
[Result "0-1"]
[WhiteElo "1451"]
[BlackElo "1694"]
[PlyCount "62"]
[EventDate "2006.09.23"]

1. d4 Nf6 2. c4 g6 3. Nc3 Bg7 4. e3 O-O 5. Nf3 d6 6. Be2 Nbd7 7. O-O c6 8. Re1
e5 9. Bf1 e4 10. Nd2 d5 11. c5 Ne8 12. g3 f5 13. Ne2 Kh8 14. Bg2 Rg8 15. Nf4
Qe7 16. Nxg6+ hxg6 17. f3 Nef6 18. fxe4 Nxe4 19. Nf3 Bh6 20. Nh4 Ndf6 21. Rf1
Ng4 22. Rf3 Bg5 23. Qe1 Bxh4 24. gxh4 Be6 25. h3 Ngf6 26. Rf1 Rg7 27. Bxe4 Nxe4
28. Rf4 g5 29. hxg5 Rxg5+ 30. Kh2 Qg7 31. Qh4+ Kg8 0-1

[Event "I Chess Classic Festival"]
[Site "Siracusa ITA"]
[Date "2006.09.27"]
[Round "6"]
[White "Menato, Nazario"]
[Black "Condorelli, Roberto"]
[Result "0-1"]
[WhiteElo "1532"]
[BlackElo "1515"]
[PlyCount "66"]
[EventDate "2006.09.23"]

1. Nf3 d5 2. d3 Nf6 3. g3 g6 4. Bg2 Bg7 5. O-O O-O 6. Nbd2 Bg4 7. Re1 Qd7 8.
Ne5 Qb5 9. a4 Qb6 10. Nf1 c6 11. Rb1 Nbd7 12. Nxg4 Nxg4 13. e3 f5 14. h3 Ngf6
15. b4 e5 16. Bb2 e4 17. f4 exf3 18. Qxf3 Rae8 19. Bd4 Qc7 20. Qf4 Ne5 21. Bc5
Nh5 22. Qf2 Rf7 23. b5 Bf8 24. Bd4 Bd6 25. b6 axb6 26. Bxb6 Qb8 27. Kh2 Ng4+
28. hxg4 fxg4 29. Qg1 Bxg3+ 30. Nxg3 Nxg3 31. Ba7 Qe5 32. Bd4 Nf1+ 33. Kh1 Qh5+
0-1

[Event "I Chess Classic Festival"]
[Site "Siracusa ITA"]
[Date "2006.09.27"]
[Round "6"]
[White "Murgia, Andrea"]
[Black "Ljubisavljevic, Zivojin Z."]
[Result "0-1"]
[WhiteElo "2063"]
[BlackElo "2290"]
[PlyCount "104"]
[EventDate "2006.09.23"]

1. e4 e6 2. d4 d5 3. Nd2 dxe4 4. Nxe4 Nf6 5. Bg5 Be7 6. Ng3 c5 7. Nf3 Nc6 8.
dxc5 Qxd1+ 9. Rxd1 Bxc5 10. Bxf6 gxf6 11. Bd3 h5 12. O-O Be7 13. h3 Bd7 14. a3
f5 15. Rfe1 h4 16. Nf1 O-O-O 17. b4 Bf6 18. c4 Rhg8 19. Ne3 Nd4 20. Nxd4 Bxd4
21. b5 Bc5 22. a4 f4 23. Ng4 f3 24. Bf1 Kc7 25. Ne5 fxg2 26. Bxg2 f5 27. Kf1
Bc8 28. Nd3 Bd4 29. Nf4 e5 30. Nd5+ Kb8 31. f4 Bc5 32. Rxe5 Bd6 33. Ree1 Rg6
34. a5 Be6 35. a6 Rdg8 36. Bh1 Bc8 37. Rb1 Rg1+ 38. Ke2 Re8+ 39. Kd2 Rexe1 40.
Rxe1 Rxe1 41. Kxe1 bxa6 42. bxa6 Bxa6 43. Ne3 Bxf4 44. Nxf5 Bxc4 45. Kf2 Bg5
46. Nd6 Be6 47. Bg2 a5 48. Nb7 Bd2 49. Ke2 Bb4 50. Nd8 Bc4+ 51. Kd1 Kc7 52. Nc6
Kb6 0-1

[Event "I Chess Classic Festival"]
[Site "Siracusa ITA"]
[Date "2006.09.27"]
[Round "6"]
[White "Rosberg, Simon"]
[Black "Timoshenko, Georgy"]
[Result "1/2-1/2"]
[WhiteElo "2011"]
[BlackElo "2550"]
[PlyCount "60"]
[EventDate "2006.09.23"]

1. Nf3 Nf6 2. c4 d6 3. d4 g6 4. g3 Bg7 5. Bg2 O-O 6. O-O Nc6 7. Nc3 a6 8. d5
Na5 9. Nd2 c5 10. Qc2 Rb8 11. b3 b5 12. Bb2 Bh6 13. f4 bxc4 14. bxc4 e5 15.
dxe6 Bxe6 16. Nd5 Rxb2 17. Qxb2 Bxd5 18. cxd5 Bg7 19. Rab1 Nxd5 20. Qa3 Nc3 21.
Ne4 Nxb1 22. Rxb1 d5 23. Nf2 c4 24. Qc5 d4 25. Bd5 Re8 26. Kf1 d3 27. exd3 Bf8
28. Qd4 Bg7 29. Qc5 Bf8 30. Qd4 Bg7 1/2-1/2

[Event "I Chess Classic Festival"]
[Site "Siracusa ITA"]
[Date "2006.09.27"]
[Round "6"]
[White "Santagati, Alessandro"]
[Black "Rigo, Gianfrancesco"]
[Result "1/2-1/2"]
[WhiteElo "2116"]
[BlackElo "2013"]
[PlyCount "81"]
[EventDate "2006.09.23"]

1. d4 e6 2. Nf3 Nf6 3. c4 Bb4+ 4. Bd2 Qe7 5. g3 Nc6 6. Bg2 d5 7. O-O Bxd2 8.
Nbxd2 O-O 9. Rc1 Bd7 10. e3 Rac8 11. Ne5 Rfd8 12. Qb3 Nxe5 13. dxe5 Ng4 14.
cxd5 exd5 15. Bxd5 c6 16. e6 fxe6 17. Bg2 Be8 18. Nf3 Bf7 19. Rfd1 e5 20. Qa4
e4 21. Nd2 Bd5 22. Bxe4 Ne5 23. Bxd5+ Rxd5 24. Ne4 Rcd8 25. Nc3 Rd2 26. Qb3+
Qf7 27. Qxf7+ Kxf7 28. h3 Ke7 29. b3 R8d6 30. Rxd2 Rxd2 31. a4 Rxf2 32. Kxf2
Nd3+ 33. Kf3 Nxc1 34. b4 Nd3 35. b5 c5 36. e4 Ke6 37. Ke3 Nb4 38. Kf4 Nd3+ 39.
Ke3 Nb2 40. Kf4 Nd3+ 41. Ke3 1/2-1/2

[Event "I Chess Classic Festival"]
[Site "Siracusa ITA"]
[Date "2006.09.27"]
[Round "6"]
[White "Tumino, Andrea"]
[Black "Larsson, Daniel"]
[Result "0-1"]
[WhiteElo "1640"]
[BlackElo "1958"]
[PlyCount "46"]
[EventDate "2006.09.23"]

1. e4 e5 2. Nf3 Nc6 3. Bc4 Bc5 4. d3 Nf6 5. Bg5 d6 6. Nc3 Be6 7. Nd5 Bxd5 8.
Bxd5 Qd7 9. Bxf6 gxf6 10. c3 Rg8 11. Rg1 Ne7 12. Bb3 f5 13. Qd2 fxe4 14. dxe4
Qg4 15. Qd3 O-O-O 16. Bxf7 Rgf8 17. h3 Qg7 18. Be6+ Kb8 19. Ke2 Ng6 20. g3 Qf6
21. Bf5 Ne7 22. Nh4 d5 23. g4 Qxh4 0-1

[Event "I Chess Classic Festival"]
[Site "Siracusa ITA"]
[Date "2006.09.27"]
[Round "6"]
[White "Van De Wynkele, Eric"]
[Black "Bottini, Paolo"]
[Result "1-0"]
[WhiteElo "1982"]
[BlackElo "1908"]
[PlyCount "128"]
[EventDate "2006.09.23"]

1. e4 c5 2. Nc3 Nc6 3. Bb5 Nf6 4. Bxc6 bxc6 5. f4 d6 6. Nf3 g6 7. O-O Bg7 8. d3
O-O 9. Qe1 e6 10. Na4 Nd7 11. e5 dxe5 12. fxe5 Nxe5 13. Nxe5 Qd4+ 14. Be3 Qxe5
15. Bxc5 Rd8 16. Kh1 Ba6 17. Qf2 Rd7 18. Ba3 Qd4 19. Nc5 Qxf2 20. Rxf2 Bd4 21.
Nxd7 Bxf2 22. Ne5 f5 23. Nxc6 Bb7 24. Na5 Bc8 25. Bd6 Bd7 26. Rf1 Bh4 27. d4
Bd8 28. Nb3 Bb6 29. c4 a5 30. c5 Bd8 31. Nd2 Bc6 32. b3 Bd5 33. Nc4 a4 34. Ne3
axb3 35. axb3 Bxb3 36. c6 Rc8 37. c7 Bxc7 38. Rc1 Bxd6 39. Rxc8+ Kf7 40. Rc3
Ba4 41. Nc4 Bf4 42. g3 Bb8 43. Nb6 Bd1 44. Rc8 Bd6 45. Nc4 Bb4 46. Kg2 Kf6 47.
Rc7 h6 48. Ne5 Bd6 49. Rf7+ Kg5 50. Nc4 Bb4 51. Kf2 Bb3 52. Ne5 Bd6 53. Rb7
Bxe5 54. dxe5 Bd5 55. Ke3 Kg4 56. Rb4+ Be4 57. Rb6 Bd5 58. Rd6 Ba2 59. Rd4+ Kg5
60. Ra4 Bd5 61. h4+ Kh5 62. Kf4 Bb3 63. Ra8 Bd5 64. Rf8 Ba2 1-0

[Event "I Chess Classic Festival"]
[Site "Siracusa ITA"]
[Date "2006.09.28"]
[Round "7"]
[White "Agnello, Giuseppe"]
[Black "Mossiaguine, Allan"]
[Result "1-0"]
[WhiteElo "2139"]
[BlackElo "1497"]
[PlyCount "41"]
[EventDate "2006.09.23"]

1. e4 c5 2. Nf3 d6 3. d4 cxd4 4. Nxd4 Nf6 5. Nc3 g6 6. Be3 Bg7 7. f3 Nc6 8. Qd2
Bd7 9. O-O-O h5 10. Bc4 Rc8 11. Bb3 Na5 12. Kb1 Nc4 13. Bxc4 Rxc4 14. Nde2 Be6
15. e5 Nd7 16. exd6 a6 17. Nd4 Qa5 18. dxe7 Bxd4 19. Bxd4 Rxc3 20. Qxc3 Bxa2+
21. Ka1 1-0

[Event "I Chess Classic Festival"]
[Site "Siracusa ITA"]
[Date "2006.09.28"]
[Round "7"]
[White "Bottini, Paolo"]
[Black "Candura, Stefano"]
[Result "1-0"]
[WhiteElo "1908"]
[BlackElo "2022"]
[PlyCount "65"]
[EventDate "2006.09.23"]

1. e4 e6 2. d4 d5 3. Nd2 c5 4. Ngf3 cxd4 5. Nxd4 Nf6 6. exd5 Qxd5 7. N2b3 Be7
8. Be3 O-O 9. Nb5 Qe5 10. Qf3 Nc6 11. O-O-O Nd5 12. Bd2 Rd8 13. Bc4 Nb6 14. Bd3
Na4 15. Nc3 Nxc3 16. Bxc3 Bg5+ 17. Kb1 Qf4 18. Qh5 g6 19. Qe2 e5 20. h4 Bf6 21.
g3 Qa4 22. Nc5 Qg4 23. f3 Qxg3 24. Ne4 Qf4 25. Bd2 Qf5 26. Nxf6+ Qxf6 27. Bg5
Qe6 28. Bxd8 Nxd8 29. Bxg6 hxg6 30. Rxd8+ Kg7 31. h5 a5 32. hxg6 fxg6 33. Qh2
1-0